00963pam a2200253 a 4500001000500000005001700005008004100022020001800063040002300081050001400104082001000118100003100128245007800159250004600237260003300283300006100316505000800377520020300385521002000588521002000608650002200628650003100650700002800681111720230815111114.0980126s1998 nyua c 000 1 eng  a9780439071680 aDLCcDLCdDLCbeng00aPZ7.D239400a[Fic]1 aDanziger, Paulad1944-200410aAmber Brown is feeling blue /cPaula Danziger ; illustrated by Tony Ross. aFirst Scholastic printing, September 1999 aNew York :bScholasticc1999 a130 pages , 3 Unnumbered pages :billustrations ;c20 cm aR  aNine-year-old Amber Brown faces further complications because of her parents' divorce when her father plans to move back from Paris and she must decide which parent she will be with on Thanksgiving. a680 bLexile  aR bRaz-Plus  1aDivorcexFiction. 1aParent and childxFiction.1 aRoss, Tonyeillustrator